000 00513nam a2200193 a 4500
001 1768898037909
003 YourLibrary
005 20260120141624.0
008 260120s1985##################000#0#eng##
020 _a9780521313988
082 0 4 _a303.37509
_bKEN
100 1 _aKenez, Peter,
_eauthor.
245 1 0 _aThe Birth of the Propaganda State :
260 _bCambridge University Press,
_c1985.
300 _a332 pages
650 0 _aHistory.
942 _cENGLISH
040 _aYourLibrary
_beng
_cYourLibrary
999 _c608711
_d608711